الممارسات التربوية الأسرية وأثرها في زيادة التحصيل الدراسي في المرحلة الأساسية / (رقم التسجيلة. 110459)

تفاصيل مارك
000 -الفاتح
عناصر البيانات ثابتة الطول 00746cam a2200193 i 4500
005 - تاريخ ووقت آخر معاملة
حقل ضبط 20260202110001.0
008 - عناصر البيانات ثابتة الطول
عناصر البيانات ثابتة الطول 250721s2008 jo gr 000 0 ara d
082 14 - رقم تصنيف ديوي العشري
رقم التصنيف 370.193
رقم المادة ع ي س
100 1# - مدخل رئيسي – اسم شخصي
الاسم الشخصي عيسى، حسن موسى
علاقة الشخص بالعمل/ دوره مؤلف.
245 12 - بيان العنوان
العنوان الممارسات التربوية الأسرية وأثرها في زيادة التحصيل الدراسي في المرحلة الأساسية /
بيان المسؤولية د. حسن موسى عيسى.
250 ## - بيان الطبعة
بيان الطبعة الطبعة الأولى.
264 31 - بيانات النشر، التوزيع…إلخ
مكان النشر، التوزيع...إلخ عمان :
اسم الناشر، الموزع...إلخ دار الخليج للنشر والتوزيع،
تاريخ النشر، التوزيع...إلخ 2008.
300 ## - الوصف المادي
عدد الوحدات المكونة للوعاء 157 صفحة.
650 17 - مدخل إضافي بالموضوع - مصطلح موضوعي
مصطلح موضوعي أو اسم جغرافي كعنصر مدخل التربية.
650 17 - مدخل إضافي بالموضوع - مصطلح موضوعي
مصطلح موضوعي أو اسم جغرافي كعنصر مدخل التعلم.
650 17 - مدخل إضافي بالموضوع - مصطلح موضوعي
مصطلح موضوعي أو اسم جغرافي كعنصر مدخل الاسرة.
942 ## - بيانات إضافية (كوها)
نوع التنصيف Dewey Decimal Classification
نوع المادة (كوها) كتب
المقتنيات
حالة السحب حالة الفقدان مصدر التصنيف حالة التلف غير قابل للإعارة المكتبة الرئيسية المكتبة الحالية موقع الرف تاريخ التزويد الرقم المتسلسل Total Checkouts رقم الإستدعاء الباركود تاريخ آخر ظهور تاريخ الفاتورة نوع المادة (كوها)
    Dewey Decimal Classification     المكتبة المركزية المكتبة المركزية الإعارة 28/07/2025 1150795   370.193/عيس 1150795 28/07/2025 28/07/2025 كتب
    Dewey Decimal Classification   Not For Loan المكتبة المركزية المكتبة المركزية مقتنيات قسم التزويد 28/07/2025 1150799   370.193/عيس 1150799 28/07/2025 28/07/2025 كتب
    Dewey Decimal Classification   Not For Loan المكتبة المركزية المكتبة المركزية مقتنيات قسم التزويد 28/07/2025 1150800   370.193/عيس 1150800 28/07/2025 28/07/2025 كتب
    Dewey Decimal Classification     المكتبة المركزية المكتبة المركزية الإعارة 09/11/2015 1613769   370.193 / ع ي س PLD00363190 28/07/2025 09/11/2015 كتب
    Dewey Decimal Classification     مكتبة أبو علندا العامة مكتبة أبو علندا العامة الإعارة 28/07/2025 1150810   370.193/عيس 1150810 28/07/2025 28/07/2025 كتب
    Dewey Decimal Classification     مكتبة أم قصير والمقابلين العامة مكتبة أم قصير والمقابلين العامة الإعارة 28/07/2025 1150809   370.193/عيس 1150809 28/07/2025 28/07/2025 كتب
    Dewey Decimal Classification     مكتبة الأميرة ايمان العامة مكتبة الأميرة ايمان العامة الإعارة 28/07/2025 1150801   370.193/عيس 1150801 28/07/2025 28/07/2025 كتب
    Dewey Decimal Classification     مكتبة الجويدة مكتبة الجويدة الإعارة 28/07/2025 1150805   370.193/عيس 1150805 28/07/2025 28/07/2025 كتب
    Dewey Decimal Classification     مكتبة الحسن العامة مكتبة الحسن العامة الإعارة 28/07/2025 1150806   370.193/عيس 1150806 28/07/2025 28/07/2025 كتب
    Dewey Decimal Classification     مكتبة النصر العامة مكتبة النصر العامة الإعارة 28/07/2025 1150812   370.193/عيس 1150812 28/07/2025 28/07/2025 كتب
    Dewey Decimal Classification     مكتبة حمزة العامة مكتبة حمزة العامة الإعارة 28/07/2025 1150807   370.193/عيس 1150807 28/07/2025 28/07/2025 كتب
    Dewey Decimal Classification     مكتبة صويلح العامة مكتبة صويلح العامة الإعارة 28/07/2025 1150802   370.193/عيس 1150802 28/07/2025 28/07/2025 كتب
    Dewey Decimal Classification     مكتبة عدن للأطفال مكتبة عدن للأطفال الإعارة 17/02/2025 1793840   370.193/عيس PLD00515920 28/07/2025 17/02/2025 كتب
    Dewey Decimal Classification     مكتبة وادي السير العامة مكتبة وادي السير العامة الإعارة 28/07/2025 1150811   370.193/عيس 1150811 28/07/2025 28/07/2025 كتب
Implemented & Customized by: BBB with SCIT (Smart Chains for Information Technology)

Powered by Koha